Adult learning experiences of non-traditional pastoral clergy (Record no. 2272)

000 -LEADER
fixed length control field 00589nam a2200181 a 4500
001 - CONTROL NUMBER
control field :::00021391$&:&@@
003 - CONTROL NUMBER IDENTIFIER
control field OkBaRHE
005 - DATE AND TIME OF LATEST TRANSACTION
control field 20100331114226.0
008 - FIXED-LENGTH DATA ELEMENTS--GENERAL INFORMATION
fixed length control field s2002 j 000 0 eng u
040 ## - CATALOGING SOURCE
Transcribing agency
100 1# - MAIN ENTRY--PERSONAL NAME
Personal name Ossom, Fidelis, Chuckwunweike
245 10 - TITLE STATEMENT
Title Adult learning experiences of non-traditional pastoral clergy
260 ## - PUBLICATION, DISTRIBUTION, ETC. (IMPRINT)
Date of publication, distribution, etc 2002
300 ## - PHYSICAL DESCRIPTION
Extent vii,414 leaves ;
Dimensions 29 cm
650 ## - SUBJECT ADDED ENTRY--TOPICAL TERM
Topical term or geographic name as entry element Occupational and Adult Educational (Thesis)
942 ## - ADDED ENTRY ELEMENTS (KOHA)
Source of classification or shelving scheme
Koha item type Books
Copies
Barcode Koha item type Damaged status Not for loan Full call number Date acquired Price effective from Copy number Collection code Withdrawn status Date last seen Lost status Permanent Location Shelving location Source of classification or shelving scheme
21391Books  BX 8762 .O8 20022010-04-142010-04-141Reference 2010-04-14 RHEMA Bible Training CollegeGeneral Stacks